Skyrim - Soundtrack Quiz - Statistics

General Stats
  • This quiz has been taken 37 times
  • The average score is 13 of 53
Answer Stats
Answer % Correct
Dragonborn
100%
Secunda
78%
Ancient Stones
44%
One They Fear
44%
Awake
33%
Dragonsreach
33%
Far Horizons
33%
From Past to Present
33%
Masser
33%
Skyrim Atmospheres
33%
Solitude
33%
Sovngarde
33%
The Bannered Mare
33%
The Streets of Whiterun
33%
Unbroken Road
33%
Around the Fire
22%
A Winter's Tale
22%
Blood and Steel
22%
Death in the Darkness
22%
Distant Horizons
22%
Imperial Throne
22%
Kyne's Peace
22%
Out of the Cold
22%
Seven Thousand Steps
22%
Shadows and Echoes
22%
Silent Footsteps
22%
Sky Above, Voice Within
22%
Standing Stones
22%
Steel on Steel
22%
The City Gates
22%
The Jerall Mountains
22%
The White River
22%
Under an Ancient Sun
22%
Watch the Skies
22%
Wind Guide You
22%
A Chance Meeting
11%
Aurora
11%
Before the Storm
11%
Beneath the Ice
11%
Caught off Guard
11%
Dawn
11%
Death or Sovngarde
11%
Frostfall
11%
Into Darkness
11%
Journey's End
11%
Night Without Stars
11%
Shattered Shields
11%
Silence Unbroken
11%
The Gathering Storm
11%
Tooth and Claw
11%
Towers and Shadows
11%
Tundra
11%
Unbound
11%
No matching quizzes found
Score Distribution
Percent of People with Each Score
Percentile by Number Answered
Your Score History
You have not taken this quiz